Sports Quiz

Random Sports or Hockey Quiz
Score 0/20 Timer 02:00
0 Plays Today
Hint Answer % Correct
Ilya Kovalchuk has played forLos Angeles Kings
100%
Ilya Kovalchuk has played forWashington Capitals
100%
Is in the Metropolitan DivisionWashington Capitals
100%
Is in the Metropolitan DivisionNew York Islanders
100%
Is in the Metropolitan DivisionNew York Rangers
100%
Is in the Metropolitan DivisionPittsburgh Penguins
100%
Is in the Metropolitan DivisionPhiladelphia Flyers
100%
Have won 3 Stanley Cups since 1990Pittsburgh Penguins
100%
Have won 3 Stanley Cups since 1990Chicago Blackhawks
100%
Has a first round pick (or more) from another team in the 2020 NHL Draft (after the 2020 trade deadline)New York Rangers
100%
Hint Answer % Correct
Is in the Metropolitan DivisionCarolina Hurricanes
94.1%
Has a first round pick (or more) from another team in the 2020 NHL Draft (after the 2020 trade deadline)Carolina Hurricanes
94.1%
Ilya Kovalchuk has played forAtlanta Thrashers
88.2%
Ilya Kovalchuk has played forMontreal Canadiens
88.2%
Is in the Metropolitan DivisionColumbus Blue Jackets
88.2%
Have won 3 Stanley Cups since 1990Detroit Red Wings
88.2%
Has a first round pick (or more) from another team in the 2020 NHL Draft (after the 2020 trade deadline)Ottawa Senators
88.2%
Has a first round pick (or more) from another team in the 2020 NHL Draft (after the 2020 trade deadline)San Jose Sharks
82.4%
Has a first round pick (or more) from another team in the 2020 NHL Draft (after the 2020 trade deadline)Minnesota Wild
58.8%
Has a first round pick (or more) from another team in the 2020 NHL Draft (after the 2020 trade deadline)Anaheim Ducks
58.8%
Remove Ads.
Support Sporcle.
Get the best of Sporcle when you Go Orange. This ad-free experience offers more features, more stats, and more fun while also helping to support Sporcle. Thank you for becoming a member.

You're not logged in!

Compare scores with friends on all Sporcle quizzes.
OR
Log In

Sporcle TV

Today on Sporcle TV


Watch our educational content, quiz creation guides, and fun videos on Sporcle TV.

Show Comments

Extras

Created May 8, 2020ReportNominate
Tags:Hockey Quiz, NHL Quiz

Top Quizzes Today


Score Distribution

Paid Content

Your Account Isn't Verified!

In order to create a playlist on Sporcle, you need to verify the email address you used during registration. Go to your Sporcle Settings to finish the process.

Report this User

Report this user for behavior that violates our Community Guidelines.

Details: